Most Streamed Taylor Swift Song by Album - Statistics

General Stats
  • This quiz has been taken 31 times
  • The average score is 9 of 11
Answer Stats
Year Album Song % Correct
2020 Folklore cardigan
96%
2019 Lover Cruel Summer
96%
2008 Fearless Love Story
96%
2022 Midnights Anti-Hero
88%
2012 Red All Too Well
83%
2014 1989 Blank Space
83%
2010 Speak Now Enchanted
83%
2024 The Tortured Poets Department Fortnight
83%
2006 Taylor Swift Our Song
83%
2017 Reputation Don't Blame Me
71%
2020 Evermore willow
71%
No matching quizzes found
Score Distribution
Percent of People with Each Score
Percentile by Number Answered
Your Score History
You have not taken this quiz